Из дальних лет. Т. 2 (Запись № 9487574)

Подробности
000 -МАРКЕР
контрольное поле 01234nam2a22002531 4500
001 - ИДЕНТИФИКАТОР ЗАПИСИ
контрольное поле rc\4731214
005 - ИДЕНТИФИКАТОР ВЕРСИИ
контрольное поле 20250612164017.0
021 ## - НОМЕР ГОСУДАРСТВЕННОЙ РЕГИСТРАЦИИ
Код страны Российская Федерация
Номер [63-85578]
035 ## - ДРУГИЕ СИСТЕМНЫЕ НОМЕРА
Идентификатор записи (NLR Aleph) 008732995
100 ## - ДАННЫЕ ОБЩЕЙ ОБРАБОТКИ
Данные общей обработки 20130416d1963 |||y0rusy50 ca
101 0# - ЯЗЫК РЕСУРСА
Язык текста, звукозаписи и т.д. русский
102 ## - СТРАНА ПУБЛИКАЦИИ ИЛИ ПРОИЗВОДСТВА
Страна публикации Российская Федерация
105 ## - ПОЛЕ КОДИРОВАННЫХ ДАННЫХ: ТЕКСТОВЫЕ МАТЕРИАЛЫ, МОНОГРАФИЧЕСКИЕ
Кодированные данные о монографическом текстовом документе a z |||||
200 0# - ЗАГЛАВИЕ И СВЕДЕНИЯ ОБ ОТВЕТСТВЕННОСТИ
Основное заглавие Т. 2
Первые сведения об ответственности [Подготовка текста и примеч. А.Н. Дубовикова
210 ## - ПУБЛИКАЦИЯ, РАСПРОСТРАНЕНИЕ И ДР.
Дата издания, распространения и т.д. 1963
Место издания, распространения и т.д. Б. м.
215 ## - ФИЗИЧЕСКАЯ ХАРАКТЕРИСТИКА
Специфическое обозначение материала и объем 791 с., 10 л. ил.
461 #0 - УРОВЕНЬ НАБОРА
Встроенное поле 001rc\4731212
-- 2001#$aИз дальних лет$eВоспоминания$f[Вступ. статья, с. 5-46, подготовка текста и примеч. А.Н. Дубовикова]. Т. 1-$vТ. 2
-- 700#1$aПассек$bТ.П.$f1810-1889$gТатьяна Петровна
Системный номер (АБИС) связанной записи 9487564
Автор Пассек, Т.П. (1810-1889)
Место публикации [Москва]
Дата публикации 1963
Первые сведения об ответственности [Вступ. статья, с. 5-46, подготовка текста и примеч. А.Н. Дубовикова]. Т. 1-
Имя издателя, распространителя и т.д. Гослитиздат
Сведения, относящиеся к заглавию Воспоминания
Заглавие Из дальних лет
Номер тома Т. 2
702 #1 - ИМЯ ЛИЦА - ВТОРИЧНАЯ ОТВЕТСТВЕННОСТЬ
Начальный элемент ввода Дубовикова
Часть имени, кроме начального элемента ввода А.Н.
Код отношения Комментатор печатного текста
801 #0 - ИСТОЧНИК ЗАПИСИ
Страна Российская Федерация
Организация NLR
Правила каталогизации psbo
801 #1 - ИСТОЧНИК ЗАПИСИ
Страна Российская Федерация
Организация ELAR
Источник данных rusmarc
852 ## - МЕСТОНАХОЖДЕНИЕ И ШИФР ХРАНЕНИЯ
Идентификатор организации NLR
Шифр хранения (Call Number) 63-3/5212
942 ## - ДОПОЛНИТЕЛЬНЫЕ ЭЛЕМЕНТЫ ЗАПИСИ (АБИС)
Тип экземпляра АБИС Книга
980 ## - КОЛЛЕКЦИЯ
Название коллекции Национальная библиография
Экземпляры
Тип экземпляра Дата поступления Библиотека постоянного хранения Библиотека текущего хранения Место хранения Шифр хранения Штрих-код Статус экземпляра Источник поступления Стоимость
Книга 26.10.2013 РНБ (Московский) РНБ (Московский) Русский книжный фонд: издания с 1957 года 63-3/5212 1-291777      
Книга 28.02.2014 РНБ (Садовая) РНБ (Садовая) Фонд научного зала литературы и искусства Нз Ш5(2=Р)5/П-194 1-262136   Подсобные фонды РНБ 30.00